Statistics for Countries of Central Asia

Click here to take the quiz!

General Stats

  • This quiz has been taken 30 times
  • The average score is 6 of 6

Answer Stats

Answer% Correct
Kyrgyzstan
100%
Tajikistan
100%
Uzbekistan
100%
Kazakhstan
97%
Turkmenistan
97%
Afghanistan
93%

Score Distribution

Percentile by Number Answered

Percent of People with Each Score

Your Score History

You have not taken this quiz